| 000 | 01354nam a22002417a 4500 | ||
|---|---|---|---|
| 008 | 140202b ck ||||| |||| 00| 0 spa d | ||
| 020 | _a978-970-10-3552-8 -- 970-10-3532-6 | ||
| 082 | 0 | 4 | _a658.154 / C266p |
| 100 | 1 |
_aCárdenas y Nápoles, Raúl Andrés _934536 |
|
| 245 | 1 | 0 | _aPresupuestos : teoría y práctica / Raúl Andrés Cárdenas y Nápoles ; Rev. téc. José Luis Delgado Serrano, |
| 245 | 1 | 0 | _aJuan Manuel López Torres, Daniel Ayala Rodríguez |
| 264 | _aMéxico : McGraw Hill Interamericana, 2002 | ||
| 300 | _axvi, 158 p. : il., cuadros y tablas ; 24 cm. +1 disquete | ||
| 505 | 0 | 0 | _aConceptos y clases de presupuestos -- Conceptos genéricos acerca de los presupuestos, su importancia y su |
| 505 | 0 | 0 | _aestructura y elaboración -- El presupuesto maestro y los costos -- La importancia de los costos como base de |
| 505 | 0 | 0 | _ala práctica presupuestal -- Diferentes enfoques del presupuesto -- Por áreas y niveles o centros de |
| 505 | 0 | 0 | _aresponsabilidad -- Flujos de caja -- Optimización de las cuentas por cobrar -- Presupuesto de capital -- |
| 505 | 0 | 0 | _aTécnicas para su elaboración-- Costo de capital -- La informática y los presupuestos -- Las hojas electrónicas |
| 505 | 0 | 0 | _a-- Bibliografía -- |
| 650 | 1 | 4 |
_aPresupuestos _9128432 |
| 650 | 1 | 4 |
_aCostos de produccion _9105067 |
| 650 | 1 | 4 |
_aFlujo de caja _9110880 |
| 999 |
_c31927 _d31927 |
||